Movies Quiz

Random Movies or Cast Quiz

Harold Ramis Casts Quiz Stats

 Plays Quiz not verified by Sporcle

Score 0/112 Timer 15:00
1 Play Today
Film Actor/Actress % Correct
Caddyshack (1980)Chevy Chase
89.8%
Caddyshack (1980)Bill Murray
89.8%
National Lampoon's Vacation (1983)Chevy Chase
89.8%
Groundhog Day (1993)Bill Murray
89.8%
Analyze This (1999)Robert De Niro
86%
Analyze That (2002)Robert De Niro
86%
Analyze This (1999)Billy Crystal
85.4%
Analyze That (2002)Billy Crystal
85.4%
Groundhog Day (1993)Andie MacDowell
81.5%
Multiplicity (1996)Andie MacDowell
81.5%
Year One (2009)Jack Black
79%
Year One (2009)Michael Cera
75.2%
Multiplicity (1996)Michael Keaton
73.9%
Bedazzled (2000)Brendan Fraser
72.6%
Bedazzled (2000)Elizabeth Hurley
72%
National Lampoon's Vacation (1983)Beverly D'Angelo
71.3%
National Lampoon's Vacation (1983)Randy Quaid
71.3%
The Ice Harvest (2005)Randy Quaid
71.3%
Caddyshack (1980)Rodney Dangerfield
68.8%
Groundhog Day (1993)Harold Ramis
68.8%
Year One (2009)Harold Ramis
68.8%
National Lampoon's Vacation (1983)Anthony Michael Hall
61.1%
Analyze This (1999)Lisa Kudrow
57.3%
Analyze That (2002)Lisa Kudrow
57.3%
National Lampoon's Vacation (1983)John Candy
56.7%
Caddyshack (1980)Ted Knight
56.1%
Stuart Saves His Family (1995)Shirley Knight
56.1%
Groundhog Day (1993)Chris Elliott
55.4%
Club Paradise (1986)Robin Williams
54.8%
Stuart Saves His Family (1995)Al Franken
53.5%
The Ice Harvest (2005)John Cusack
46.5%
Caddyshack (1980)Brian Doyle-Murray
45.9%
National Lampoon's Vacation (1983)Brian Doyle-Murray
45.9%
Club Paradise (1986)Brian Doyle-Murray
45.9%
Groundhog Day (1993)Brian Doyle-Murray
45.9%
Multiplicity (1996)Ann Cusack
45.9%
Multiplicity (1996)Brian Doyle-Murray
45.9%
Bedazzled (2000)Brian Doyle-Murray
45.9%
Film Actor/Actress % Correct
Groundhog Day (1993)Stephen Tobolowsky
45.2%
National Lampoon's Vacation (1983)Christie Brinkley
44.6%
National Lampoon's Vacation (1983)Eugene Levy
43.9%
Club Paradise (1986)Eugene Levy
43.9%
Multiplicity (1996)Eugene Levy
43.9%
Club Paradise (1986)Simon Jones
42%
Bedazzled (2000)Orlando Jones
42%
Year One (2009)Vinnie Jones
42%
National Lampoon's Vacation (1983)Mickey Jones
41.4%
The Ice Harvest (2005)Billy Bob Thornton
40.1%
Caddyshack (1980)Michael O'Keefe
39.5%
Club Paradise (1986)Rick Moranis
35.7%
Club Paradise (1986)Peter O'Toole
35%
Analyze That (2002)Demetri Martin
33.8%
Year One (2009)David Cross
33.1%
The Ice Harvest (2005)Oliver Platt
31.8%
Year One (2009)Oliver Platt
31.8%
National Lampoon's Vacation (1983)Imogene Coca
31.2%
Analyze This (1999)Chazz Palminteri
29.9%
Year One (2009)Olivia Wilde
29.3%
Year One (2009)Hank Azaria
28.7%
Stuart Saves His Family (1995)Julia Sweeney
28%
National Lampoon's Vacation (1983)Jane Krakowski
27.4%
Club Paradise (1986)Twiggy
27.4%
Analyze This (1999)Molly Shannon
27.4%
Groundhog Day (1993)Michael Shannon
26.8%
National Lampoon's Vacation (1983)Dana Barron
26.1%
National Lampoon's Vacation (1983)Eddie Bracken
26.1%
National Lampoon's Vacation (1983)James Keach
26.1%
Analyze This (1999)Joe Viterelli
26.1%
Bedazzled (2000)Frances O'Connor
26.1%
Analyze That (2002)Joe Viterelli
26.1%
Club Paradise (1986)Joe Flaherty
25.5%
Stuart Saves His Family (1995)Joe Flaherty
25.5%
The Ice Harvest (2005)Connie Nielsen
25.5%
Club Paradise (1986)Adolph Caesar
24.2%
Stuart Saves His Family (1995)Harris Yulin
24.2%
Multiplicity (1996)Harris Yulin
24.2%
Film Actor/Actress % Correct
Analyze That (2002)Cathy Moriarty
24.2%
Year One (2009)Juno Temple
24.2%
Stuart Saves His Family (1995)Vincent D'Onofrio
23.6%
Caddyshack (1980)Henry Wilcoxon
22.9%
Club Paradise (1986)Joanna Cassidy
22.9%
Groundhog Day (1993)Rick Ducommun
22.9%
Year One (2009)Bill Hader
22.9%
Multiplicity (1996)Richard Masur
22.3%
National Lampoon's Vacation (1983)Miriam Flynn
21.7%
Groundhog Day (1993)Angela Paton
21.7%
Stuart Saves His Family (1995)Laura San Giacomo
21.7%
Year One (2009)Christopher Mintz-Plasse
21.7%
Multiplicity (1996)John de Lancie
20.4%
The Ice Harvest (2005)Mike Starr
20.4%
Year One (2009)Xander Berkeley
20.4%
Year One (2009)Horatio Sanz
20.4%
National Lampoon's Vacation (1983)Frank McRae
19.7%
Club Paradise (1986)Carey Lowell
19.7%
Analyze That (2002)Thomas Rosales, Jr.
19.7%
Club Paradise (1986)Bruce McGill
19.1%
Bedazzled (2000)Toby Huss
19.1%
The Ice Harvest (2005)T.J. Jagodowski
19.1%
Year One (2009)Kyle Gass
19.1%
Multiplicity (1996)Obba Babatunde
18.5%
Year One (2009)Paul Scheer
17.8%
Multiplicity (1996)Glenn Shadix
16.6%
Stuart Saves His Family (1995)Kurt Fuller
15.3%
Analyze This (1999)Max Casella
14.6%
Analyze This (1999)Elizabeth Bracco
14%
Analyze That (2002)Paul Herman
14%
Analyze This (1999)Aasif Mandvi
13.4%
Stuart Saves His Family (1995)Ted Raimi
12.7%
Stuart Saves His Family (1995)Lewis Arquette
10.8%
Bedazzled (2000)Gabriel Casseus
10.8%
Stuart Saves His Family (1995)Allen Garfield
8.9%
Stuart Saves His Family (1995)Mike Hagerty
6.4%

You're not logged in!

Compare scores with friends on all Sporcle quizzes.
OR
Log In

Sporcle TV

Today on Sporcle TV


Watch our educational content, quiz creation guides, and fun videos on Sporcle TV.

Show Comments

Extras

Top Quizzes Today


Score Distribution

Your Account Isn't Verified!

In order to create a playlist on Sporcle, you need to verify the email address you used during registration. Go to your Sporcle Settings to finish the process.

Report this User

Report this user for behavior that violates our Community Guidelines.

Details: